Faculty of Law Library — Cairo University

Official Online Catalog

دراسة في ظل قانون الإجراءات الجزائية الفلسطيني رقم (3) لسنة 2001 / (Record no. 47888)

MARC details
000 -LEADER
fixed length control field 01309nam a2200337 i 4500
003 - CONTROL NUMBER IDENTIFIER
control field EG-GICUC
005 - DATE AND TIME OF LATEST TRANSACTION
control field 20260121101416.0
008 - FIXED-LENGTH DATA ELEMENTS--GENERAL INFORMATION
fixed length control field 251202s2016 JO ||||fr|||| 00| 0 ara d
040 ## - CATALOGING SOURCE
Original cataloging agency EG-GICUC
Language of cataloging ara
Transcribing agency EG-GICUC
Modifying agency EG-GICUC
Description conventions rda
041 0# - LANGUAGE CODE
Language code of text/sound track or separate title ara
082 04 - DEWEY DECIMAL CLASSIFICATION NUMBER
Edition number 21
Classification number 343.3.0569
Item number ص ل ,د
092 04 - LOCALLY ASSIGNED DEWEY CALL NUMBER (OCLC)
Edition number 21
099 ## - LOCAL FREE-TEXT CALL NUMBER (OCLC)
Classification number Law1 10 343.3.0569 ص ل ,د 1 ed 2016
100 0# - MAIN ENTRY--PERSONAL NAME
Personal name صالح موسي خليل
Relator term مؤلف.
245 1# - TITLE STATEMENT
Title دراسة في ظل قانون الإجراءات الجزائية الفلسطيني رقم (3) لسنة 2001 /
Statement of responsibility, etc. . المحامي صالح موسي خليل
246 ## - VARYING FORM OF TITLE
Title proper/short title الطبعة الأولي
264 #1 - PRODUCTION, PUBLICATION, DISTRIBUTION, MANUFACTURE, AND COPYRIGHT NOTICE
Place of production, publication, distribution, manufacture :عمان
Name of producer, publisher, distributor, manufacturer دار العبدلي للنشر والتوزيع,
Date of production, publication, distribution, manufacture, or copyright notice 2016 .
300 ## - PHYSICAL DESCRIPTION
Extent صفحة 217 ؛
Dimensions .24 سم
336 ## - CONTENT TYPE
Source rda content
Content type term text
337 ## - MEDIA TYPE
Source rda media
Media type term Computer
338 ## - CARRIER TYPE
Source rda carrier
Carrier type term Online Resource
504 ## - BIBLIOGRAPHY, ETC. NOTE
Bibliography, etc. note . 240-220 ببليوجرافيا: صفحات.
546 ## - LANGUAGE NOTE
Language note النص باللغة العربية
650 14 - SUBJECT ADDED ENTRY--TOPICAL TERM
Topical term or geographic name entry element قانون الإجراءات الجنائية
Source of heading or term qrmak
650 14 - SUBJECT ADDED ENTRY--TOPICAL TERM
Topical term or geographic name entry element قانون الإجراءات الفلسطنية
650 14 - SUBJECT ADDED ENTRY--TOPICAL TERM
Topical term or geographic name entry element القانون الجنائي
651 1# - SUBJECT ADDED ENTRY--GEOGRAPHIC NAME
Source of heading or term qrmak
856 40 - ELECTRONIC LOCATION AND ACCESS
Uniform Resource Identifier <a href="https://fll.law.cu.edu.eg/fulltext/bks/B10-05594.pdf">https://fll.law.cu.edu.eg/fulltext/bks/B10-05594.pdf</a>
905 ## - Cataloger and Reviser Names
Cataloger Name: Hassnaa
942 ## - ADDED ENTRY ELEMENTS (KOHA)
Source of classification or shelving scheme Dewey Decimal Classification
Koha item type Books
Edition 21
Suppress in OPAC No
Holdings
Withdrawn status Lost status Source of classification or shelving scheme Damaged status Not for loan Collection Home library Current library Date acquired Total checkouts Full call number Barcode Date last seen Copy number Price effective from Koha item type
    Dewey Decimal Classification   Not for loan القانون الجنائي جــــامعة القــاهرة مكتبة كلية الحقوق - المبنى الرئيسي 02.12.2025   Law1 10 343.3.0569 ص ل ,د 1 ed 2016 1005594 C1 B10-05594 02.12.2025 1 02.12.2025 Books

© All rights reserved — Faculty of Law, Cairo University